| 000 | 01423nam a2200337 a 4500 | ||
|---|---|---|---|
| 001 | ebr10233831 | ||
| 003 | CaPaEBR | ||
| 006 | m u | ||
| 007 | cr cn||||||||| | ||
| 008 | 080903s2008 enk sb 001 0 eng d | ||
| 020 | _z9781843108603 | ||
| 020 | _z9781846427268 (pdf eBook) | ||
| 040 |
_aCaPaEBR _cCaPaEBR |
||
| 035 | _a(OCoLC)312627735 | ||
| 050 | 1 | 4 |
_aBF636 _b.K43 2008eb |
| 100 | 1 | _aKearney, Albert J. | |
| 245 | 1 | 0 |
_aUnderstanding applied behavior analysis _h[electronic resource] : _ban introduction to ABA for parents, teachers, and other professionals / _cAlbert J. Kearney. |
| 260 |
_aLondon ; _aPhiladelphia : _bJessica Kingsley Publishers, _c2008. |
||
| 300 | _a117 p. | ||
| 504 | _aIncludes bibliographical references and index. | ||
| 505 | 0 | _apt. 1. The ABCs of ABA -- pt. 2. Putting it all together. | |
| 533 |
_aElectronic reproduction. _bPalo Alto, Calif. : _cebrary, _d2009. _nAvailable via World Wide Web. _nAccess may be limited to ebrary affiliated libraries. |
||
| 650 | 0 | _aPsychology, Applied. | |
| 650 | 0 | _aEnvironmental psychology. | |
| 650 | 0 | _aBehavior modification. | |
| 650 | 0 | _aReinforcement (Psychology) | |
| 650 | 0 |
_aAutistic children _xBehavior modification. |
|
| 655 | 7 |
_aElectronic books. _2local |
|
| 710 | 2 | _aebrary, Inc. | |
| 856 | 4 | 0 |
_uhttp://site.ebrary.com/lib/rucke/Doc?id=10233831 _zAn electronic book accessible through the World Wide Web; click to view |
| 999 |
_c151885 _d151885 |
||